000 00825nam a2200241Ii 4500
003 JO-AjNU
008 230605s9999||||xx |||||||||||||| ||und||
017 _a2004/17993
020 _a977-368-027-4
040 _aJO-AjNU
_bara
_erda
_cJO-AjNU
041 _aara
050 1 4 _aHD62.4.S296.2005
100 3 _aالصيرفي، محمد,
_eauthor
_944209
245 0 0 _aادارة الاعمال الحكومية
250 _aط1
264 3 1 _aالاسكندرية،القاهرة:مؤسسة حورس الدولية،مؤسسة طيبة للنشر والتوزيع،2005
300 _a341ص
336 _atext
_btxt
_2rdacontent
337 _aunmediated
_bn
_2rdamedia
338 _avolume
_bnc
_2rdacarrier
490 0 _aسلسلة كتب المعارف الإدارية ؛ 15 
650 4 _aادارة عامة
_944210
999 _aA19070
_c22638
_d22638